000 00535nam a2200169Ia 4500
008 090711s9999 xx 000 0 und d
082 _b51771
100 _aदेशपांडे पांडुरंग
245 _aआपले आरोग्य
260 _c1985
300 _a91
600 _aदेशपांडे पांडुरंग
630 _aआपले आरोग्य
700 _aदेशपांडे पांडुरंग
730 _aआपले आरोग्य
942 _cBOOK
999 _c309208
_d309208